WWE Finishers Of Known Wrestlers - Statistics

General Stats
  • This quiz has been taken 181 times
  • The average score is 9 of 15
Answer Stats
Creator Finisher % Correct
The Undertaker Tombstone Piledriver
84%
Roman Reigns Spear
82%
Randy Orton RKO
80%
Triple H Pedigree
75%
Shawn Michaels Sweet Chin Music
75%
Kofi Kingston Trouble In Paradise
70%
Dean Ambrose Dirty Deeds
67%
Seth Rollins Curbstomp
66%
The Miz Skull Crushing Finale
66%
Sheamus Brogue Kick
64%
GTS CM punk
64%
Mark Henry World's Strongest Slam
51%
Ultimate Warrior Ultimate Splash
22%
John Cena Additude Adjustment
7%
Shinsuke Nakamura Kinshasa Knee Strike
6%
No matching quizzes found
Score Distribution
Percent of People with Each Score
Percentile by Number Answered
Your Score History
You have not taken this quiz